Les parcours du PSG en Coupe d'Europe - Statistiques

Statistiques générales
  • Ce quiz a été pris 53 fois
  • Le résultat moyen est 10 sur 32
Statistiques - réponses
Saison Coupe d'Europe Resultat % Correct
2023-2024 Ligue des champions Demi-finale
80%
2019-2020 Ligue des champions Finale
68%
2020-2021 Ligue des champions Demi-finale
66%
2021-2022 Ligue des champions Huitième de finale
61%
2022-2023 Ligue des champions Huitième de finale
61%
2016-2017 Ligue des champions Huitième de finale
52%
2017-2018 Ligue des champions Huitième de finale
52%
2018-2019 Ligue des champions Huitième de finale
52%
2013-2014 Ligue des champions Quart de finale
50%
2015-2016 Ligue des champions Quart de finale
50%
2014-2015 Ligue des champions Quart de finale
48%
2012-2013 Ligue des champions Quart de finale
45%
1982-1983 Coupe d'Europe des vainqueurs de coupe Quart de finale
36%
1996-1997 Coupe d'Europe des vainqueurs de coupe Finale
34%
1994-1995 Ligue des champions Demi-finale
30%
1995-1996 Coupe d'Europe des vainqueurs de coupe Vainqueur
25%
1993-1994 Coupe d'Europe des vainqueurs de coupe Demi-finale
23%
1992-1993 Coupe UEFA Demi-finale
20%
1983-1984 Coupe d'Europe des vainqueurs de coupe Huitième de finale
18%
2010-2011 Ligue Europa Huitième de finale
11%
2008-2009 Coupe UEFA Quart de finale
11%
2006-2007 Coupe UEFA Huitième de finale
9%
2011-2012 Ligue Europa Phase de groupes
7%
1997-1998 Ligue des champions Phase de Groupes
5%
2004-2005 Ligue des champions Phase de groupes
5%
1986-1987 Coupe des clubs champions Premier tour
5%
1984-1985 Coupe UEFA Seizième de finale
5%
1989-1990 Coupe UEFA Seizième de finale
5%
1998-1999 Coupe d'Europe des vainqueurs de coupe Seizième de finale
5%
2000-2001 Coupe UEFA Seizième de finale
5%
2002-2003 Coupe UEFA Seizième de finale
5%
1999-2000 Ligue des champions Seconde phase de groupes
2%
Aucun quiz correspondant
Distribution des résultats
% des personnes avec chaque résultat
Percentile par nombre de réponses
Votre historique - résultats
Vous n’avez pas pris ce quiz